00939nam a2200229Ia 450000500170000000800410001708200200005811000410007824500800011925000120019930000490021150000530026060000610031361000710037465000490044565000470049426400450054133600270058633700330061333800280064604000350067420220317001232.0160825s1996 ck a g 000 0 spa 04aR 708.074bB15r2 aBanco de la República. Bucaramanga10aRodríguez NaranjocBanco de la República,Área Cultural de Bucaramanga a1a. ed. a58 páginas bilustraciones, fotos c28 cm  aExposición realizada en Julio y Agosto de 198814aRodriguez Naranjo, Oscard1901- xTrabajos pictóricos 1 aBanco de la República (Bucaramanga)vExposiciones vCatálogos 142LEMBaPintura colombianaxHistoriaySiglo XX142LEMB aPintores colombianos vBiografía  aBogotábBanco de la República,c1996 atextobtxt2rdacontent asin mediaciónbn2rdamedia avolumenbnc2rdacarrier aCO-BoRNBPbspaerdacCO-BoRNBP